| 000 | 00403nam a22001457a 4500 | ||
|---|---|---|---|
| 003 | OSt | ||
| 005 | 20260428004826.0 | ||
| 008 | 260428b |||||||| |||| 00| 0 eng d | ||
| 040 |
_aDWC-Main lib _cOC |
||
| 082 | _aRes. 398.2 Se48 2001 | ||
| 100 | _aOlino, Rogelio S. | ||
| 245 |
_aSelected Philippine Folktales/ _cRogelio S. Olino |
||
| 260 |
_bRSO Trading _cc2001 |
||
| 942 |
_2ddc _cBK-0 CIRC _kRes. _n0 |
||
| 999 |
_c9973 _d9973 |
||